| 000 | 00562nam a22001817a 4500 | ||
|---|---|---|---|
| 003 | CEME | ||
| 005 | 20210628202027.0 | ||
| 008 | 210224b xxu||||| |||| 00| 0 eng d | ||
| 020 | _a0-07-134554-X | ||
| 040 | _c. | ||
| 082 | _a005.133 MAT | ||
| 100 |
_aCushman, Pauline K Mata-Toledo, Ramon A _957947 |
||
| 245 | _aIntroduction to computer science, with examples in visual basic, c,c plus plus and java | ||
| 260 |
_aNEW YORK _bMCGRAW HILL _c2000 |
||
| 300 | _aVII,296P | ||
| 650 |
_aCOMPUTER SCIENCE VISUAL BASIC C PLUS PLUS JAVA _957948 |
||
| 942 |
_cBK _2ddc |
||
| 999 |
_c568184 _d568184 |
||